Famosos por letra - N - Estadísticas

Estadísticas generales
  • Esta prueba ha sido intentada 64 veces
  • La puntuación promedio es 6 de 16
Estadísticas de respuestas
Imagen Respuesta % Correcto
Nick Jonas
84%
Nelson Mandela
82%
Nicki Minaj
80%
Natalie Portman
71%
Nicole Kidman
69%
Nicolas Cage
65%
Niall Horan
59%
Naomi Campbell
33%
Naomi Watts
18%
Nat King Cole
14%
Naomi Osaka
12%
Nicholas Galitzine
12%
Nolan Gould
10%
Nicollette Sheridan
2%
Natasha Poly
0%
Nolan Ryan
0%
No se encontraron pruebas coincidentes
Distribución de puntuación
Porcentaje de gente con cada puntuación
Porcentaje por número respondido
Historial de tus puntuaciones
No has intentado esta prueba.